| 000 | 00388nam a22001337a 4500 | ||
|---|---|---|---|
| 005 | 20140519173446.0 | ||
| 008 | 140519b xxu||||| |||| 00| 0 eng d | ||
| 050 |
_aBT414. _bM824 2011 |
||
| 100 |
_aMoore, Sebastian _910319 |
||
| 245 |
_aThe body of Christ _cMoore, Sebastian |
||
| 260 |
_aLondon _bDarton, Longman and Todd _c2011 |
||
| 300 |
_avi, 112p.; _c24cm. |
||
| 942 |
_2lcc _cMONOGRAPH |
||
| 999 |
_c120526 _d120526 |
||